000
00274nam a22001217a 4500
008
170508b xxu||||| |||| 00| 0 eng d
041
_a
eng
080
_a
34
100
_a
14
101
_a
SHJ
245
_a
JEFFERSOBN AND THE RIGHT OF MAN
_c
MALONE.D
942
_2
udc
_c
BK
999
_c
12964
_d
12964